[Event "Blankenburg op-A 19th"]
[Site "Blankenburg"]
[Date "2014.10.04"]
[Round "6"]
[White "Dietz, Florian"]
[Black "Herdzik, Mathias"]
[Result "1-0"]
[WhiteElo "1776"]
[BlackElo "1843"]
[PlyCount "53"]
[EventDate "2014.10.02"]
[EventType "swiss"]
[EventRounds "7"]
[EventCountry "GER"]
[SourceTitle "EXT 2023"]
[Source "ChessBase"]
[SourceDate "2022.10.05"]
[SourceVersion "1"]
[SourceVersionDate "2022.10.05"]
[SourceQuality "1"]

1. e4 c5 2. Nf3 d6 3. d4 cxd4 4. Nxd4 Nf6 5. Nc3 a6 6. Be3 e5 7. Nf3 Qc7 8. a4 Be6 9. Ng5 Be7 10. Nxe6 fxe6 11. Be2 Nbd7 12. 0-0 0-0 13. Bg4 Nxg4 14. Qxg4 Rf6 15. Qh3 Rg6 16. f4 exf4 17. Bxf4 Qb6+ 18. Kh1 Nc5 19. b3 Qc6 20. Rae1 Rc8 21. Rf3 e5 22. Bc1 Bf8 23. Ref1 Ne6 24. Nd5 Qxc2 25. Rxf8+ Nxf8 26. Ne7+ Kh8 27. Rxf8+ 1-0

[Event "Blankenburg op-A 19th"]
[Site "Blankenburg"]
[Date "2014.10.03"]
[Round "4"]
[White "Hofmann, Annett"]
[Black "Herdzik, Mathias"]
[Result "1-0"]
[WhiteElo "1992"]
[BlackElo "1843"]
[PlyCount "47"]
[EventDate "2014.10.02"]
[EventType "swiss"]
[EventRounds "7"]
[EventCountry "GER"]
[SourceTitle "EXT 2023"]
[Source "ChessBase"]
[SourceDate "2022.10.05"]
[SourceVersion "1"]
[SourceVersionDate "2022.10.05"]
[SourceQuality "1"]

1. e4 c5 2. Nf3 d6 3. d4 cxd4 4. Nxd4 Nf6 5. Nc3 a6 6. Be3 e5 7. Nde2 Be6 8. f3 Be7 9. g4 d5 10. exd5 Nxd5 11. Nxd5 Qxd5 12. Qxd5 Bxd5 13. Bg2 Nc6 14. 0-0-0 Be6 15. Nc3 0-0 16. Nd5 Rad8 17. Nxe7+ Nxe7 18. Bc5 Rde8 19. Rhe1 f6 20. h3 Rf7 21. f4 Rc8 22. b4 Bxa2 23. Bxb7 Re8 24. Bxa6 1-0

[Event "GER-ch U16"]
[Site "Magdeburg"]
[Date "2014.06.09"]
[Round "3"]
[White "Herdzik, Mathias"]
[Black "Scheftlein, Richard"]
[Result "1/2-1/2"]
[WhiteElo "1816"]
[BlackElo "1916"]
[PlyCount "63"]
[EventDate "2014.06.08"]
[EventType "swiss"]
[EventRounds "9"]
[EventCountry "GER"]
[SourceTitle "CBM 160 Extra"]
[Source "ChessBase"]
[SourceDate "2014.07.01"]
[SourceVersion "1"]
[SourceVersionDate "2014.07.01"]
[SourceQuality "1"]

1. e4 e6 2. d4 d5 3. Nc3 Bb4 4. e5 c5 5. a3 Bxc3+ 6. bxc3 Qa5 7. Bd2 Qa4 8. Qg4 Kf8 9. Qd1 b6 10. Nf3 Ba6 11. Bd3 Nc6 12. 0-0 cxd4 13. Bxa6 Qxa6 14. cxd4 Nge7 15. c3 Rc8 16. Ng5 Qd3 17. f4 h6 18. Rf3 Qf5 19. Rh3 Kg8 20. Nf3 Ng6 21. Ne1 h5 22. Nd3 Na5 23. Qa4 Nc4 24. Qd7 Kh7 25. g4 Qxg4+ 26. Rg3 Qf5 27. Rg5 Rhd8 28. Qxa7 Ra8 29. Rxf5 Rxa7 30. Rxh5+ Kg8 31. Bc1 Rda8 32. f5 1/2-1/2

[Event "GER-ch U16"]
[Site "Magdeburg"]
[Date "2014.06.08"]
[Round "1"]
[White "Herdzik, Mathias"]
[Black "Schmidt, Tobias"]
[Result "0-1"]
[WhiteElo "1816"]
[BlackElo "2089"]
[PlyCount "94"]
[EventDate "2014.06.08"]
[EventType "swiss"]
[EventRounds "9"]
[EventCountry "GER"]
[SourceTitle "CBM 160 Extra"]
[Source "ChessBase"]
[SourceDate "2014.07.01"]
[SourceVersion "1"]
[SourceVersionDate "2014.07.01"]
[SourceQuality "1"]

1. e4 e6 2. d4 d5 3. Nc3 Bb4 4. e5 c5 5. a3 Bxc3+ 6. bxc3 Qa5 7. Bd2 Qa4 8. Qg4 g6 9. c4 Nc6 10. c3 cxd4 11. cxd4 dxc4 12. Nf3 Nge7 13. Be2 b5 14. 0-0 Qc2 15. Rfc1 Qf5 16. Qh4 Bb7 17. Ng5 f6 18. Ne4 0-0-0 19. Bg4 g5 20. Bxf5 gxh4 21. Bxe6+ Kb8 22. exf6 Ng6 23. d5 Nd4 24. Bc3 Ne2+ 25. Kf1 Nxc1 26. Rxc1 Bxd5 27. Bxd5 Rxd5 28. f7 Rf8 29. Nf6 Rd3 30. Nxh7 Rxf7 31. Ng5 Rf5 32. Nf3 Rfd5 33. Ke1 Kb7 34. Nd2 Ne5 35. Ne4 Nc6 36. g3 a5 37. g4 b4 38. axb4 axb4 39. Bf6 c3 40. g5 Ne5 41. Ke2 R3d4 42. Ke3 Nc4+ 43. Kf4 Rd1 44. g6 Rxc1 45. g7 Rg1 46. Ng5 c2 47. Ke4 Nb6 0-1

[Event "Bremen-ch op"]
[Site "Bremen"]
[Date "2014.04.17"]
[Round "7"]
[White "Sausmikat, Armin"]
[Black "Herdzik, Mathias"]
[Result "1/2-1/2"]
[WhiteElo "1968"]
[BlackElo "1666"]
[PlyCount "56"]
[EventDate "2014.04.14"]
[EventType "swiss"]
[EventRounds "9"]
[EventCountry "GER"]
[SourceTitle "EXT 2018"]
[Source "ChessBase"]
[SourceDate "2017.10.13"]
[SourceVersion "1"]
[SourceVersionDate "2017.10.13"]
[SourceQuality "1"]

1. e4 c5 2. Nf3 d6 3. d4 cxd4 4. Nxd4 Nf6 5. Nc3 a6 6. Bg5 Nbd7 7. f4 Qc7 8. Qf3 b5 9. a3 Bb7 10. Be2 g6 11. 0-0 Bg7 12. Rad1 Qb6 13. Qe3 0-0 14. Bf3 h6 15. Bxf6 Bxf6 16. Nd5 Bxd5 17. exd5 Rac8 18. c3 Qc5 19. Rfe1 Nb6 20. Nc6 Qxe3+ 21. Rxe3 Rc7 22. Rde1 Re8 23. R1e2 Nc4 24. Rd3 Rec8 25. Bg4 Rxc6 26. dxc6 Rxc6 27. Bf3 Rc7 28. Rd1 Kf8 1/2-1/2

[Event "Bremen-ch op"]
[Site "Bremen"]
[Date "2014.04.14"]
[Round "2"]
[White "Herdzik, Mathias"]
[Black "Bart, Simon"]
[Result "0-1"]
[WhiteElo "1666"]
[BlackElo "2031"]
[PlyCount "50"]
[EventDate "2014.04.14"]
[EventType "swiss"]
[EventRounds "9"]
[EventCountry "GER"]
[SourceTitle "EXT 2018"]
[Source "ChessBase"]
[SourceDate "2017.10.13"]
[SourceVersion "1"]
[SourceVersionDate "2017.10.13"]
[SourceQuality "1"]

1. e4 c5 2. Nf3 d6 3. d4 cxd4 4. Nxd4 Nf6 5. Nc3 a6 6. Bc4 e6 7. Bb3 Be7 8. Be3 b5 9. 0-0 0-0 10. Qe2 b4 11. Na4 Nxe4 12. Rae1 d5 13. f3 Nc5 14. Nf5 Nxa4 15. Nxe7+ Qxe7 16. Bxa4 Bd7 17. Bb3 Bb5 18. Qf2 Nd7 19. f4 Rac8 20. f5 Bxf1 21. Kxf1 Nc5 22. Bd4 Ne4 23. Rxe4 dxe4 24. f6 Qd6 25. fxg7 Rfd8 0-1

[Event "GER-chT North U14"]
[Site "Magdeburg"]
[Date "2013.09.14"]
[Round "6.3"]
[White "Feyer, Leon"]
[Black "Herdzik, Mathias"]
[Result "1/2-1/2"]
[WhiteElo "1462"]
[BlackElo "1562"]
[PlyCount "111"]
[EventDate "2013.09.12"]
[EventType "team-swiss"]
[EventRounds "7"]
[EventCountry "GER"]
[SourceTitle "EXT 2014"]
[Source "ChessBase"]
[SourceDate "2013.11.20"]
[SourceVersion "1"]
[SourceVersionDate "2013.11.20"]
[SourceQuality "1"]
[WhiteTeam "Berlin Empor"]
[BlackTeam "Bremen Nord"]
[WhiteTeamCountry "GER"]
[BlackTeamCountry "GER"]

1. e4 c5 2. Nf3 d6 3. c3 Nf6 4. Bd3 Bg4 5. Bc2 Nc6 6. h3 Bh5 7. d4 Bxf3 8. gxf3 cxd4 9. cxd4 Qb6 10. d5 Ne5 11. Bb3 g6 12. Be3 Qa5+ 13. Nc3 Bg7 14. Ba4+ Ned7 15. Qb3 0-0 16. 0-0 Nb6 17. Qb5 Qxb5 18. Bxb5 Nbd7 19. Rac1 a6 20. Ba4 Nc5 21. Rc2 b5 22. Bb3 Nfd7 23. Rd2 b4 24. Na4 Nxb3 25. axb3 Rac8 26. Nb6 Nxb6 27. Bxb6 Rb8 28. Bd4 Rfc8 29. Ra1 Bxd4 30. Rxd4 Rb6 31. Rc4 Rc5 32. Kf1 Rxc4 33. bxc4 Kg7 34. Ke2 Kf6 35. Ke3 e5 36. dxe6 fxe6 37. Ra5 e5 38. f4 Ke6 39. fxe5 dxe5 40. f4 exf4+ 41. Kxf4 b3 42. Ke3 Rd6 43. e5 Rc6 44. Kd4 g5 45. c5 h5 46. Ra3 Rc8 47. Rxa6+ Kf7 48. Rf6+ Kg7 49. c6 h4 50. Ke4 g4 51. hxg4 h3 52. Rf2 Rxc6 53. Rh2 Rc2 54. Rxh3 Rxb2 55. Kd3 Rg2 56. Kc3 1/2-1/2